ASP.NET 3.5 Unleashed / (Record no. 11474)
[ view plain ]
| 000 -LEADER | |
|---|---|
| fixed length control field | 01473cam a2200337 a 4500 |
| 001 - CONTROL NUMBER | |
| control field | 15072798 |
| 005 - DATE AND TIME OF LATEST TRANSACTION | |
| control field | 20080725172945.0 |
| 008 - FIXED-LENGTH DATA ELEMENTS--GENERAL INFORMATION | |
| fixed length control field | 071106s2008 inua 001 0 eng |
| 010 ## - LIBRARY OF CONGRESS CONTROL NUMBER | |
| LC control number | 2007046046 |
| 020 ## - INTERNATIONAL STANDARD BOOK NUMBER | |
| International Standard Book Number | 0672330113 |
| 020 ## - INTERNATIONAL STANDARD BOOK NUMBER | |
| International Standard Book Number | 9780672330117 |
| 035 ## - SYSTEM CONTROL NUMBER | |
| System control number | (OCoLC)ocn180989631 |
| 035 ## - SYSTEM CONTROL NUMBER | |
| System control number | (OCoLC)180989631 |
| 040 ## - CATALOGING SOURCE | |
| Original cataloging agency | DLC |
| Transcribing agency | DLC |
| Modifying agency | BAKER |
| -- | YDXCP |
| -- | C#P |
| -- | DLC |
| 050 00 - LIBRARY OF CONGRESS CALL NUMBER | |
| Classification number | TK5105.8885.A26 |
| Item number | W3516 2008 |
| 082 00 - DEWEY DECIMAL CLASSIFICATION NUMBER | |
| Classification number | 005.276 |
| Edition number | 22 |
| Item number | WAL |
| 100 1# - MAIN ENTRY--PERSONAL NAME | |
| Personal name | Walther, Stephen. |
| 9 (RLIN) | 4514 |
| 245 10 - TITLE STATEMENT | |
| Title | ASP.NET 3.5 Unleashed / |
| Statement of responsibility, etc | Stephen Walther. |
| 260 ## - PUBLICATION, DISTRIBUTION, ETC. (IMPRINT) | |
| Place of publication, distribution, etc | Indianapolis, Ind. : |
| Name of publisher, distributor, etc | Sams, |
| Date of publication, distribution, etc | 2008. |
| 300 ## - PHYSICAL DESCRIPTION | |
| Extent | xxiii, 1890 p. : |
| Other physical details | ill. ; |
| Dimensions | 24 cm. + |
| Accompanying material | 1 CD-ROM (4 3/4 in.) |
| 500 ## - GENERAL NOTE | |
| General note | "All code in the book is now in c#"---title |
| 500 ## - GENERAL NOTE | |
| General note | Includes index. |
| 630 00 - SUBJECT ADDED ENTRY--UNIFORM TITLE | |
| Uniform title | Active server pages. |
| 9 (RLIN) | 4515 |
| 650 #0 - SUBJECT ADDED ENTRY--TOPICAL TERM | |
| Topical term or geographic name as entry element | Web sites |
| General subdivision | Design. |
| 9 (RLIN) | 4516 |
| 650 #0 - SUBJECT ADDED ENTRY--TOPICAL TERM | |
| Topical term or geographic name as entry element | Web site development. |
| 9 (RLIN) | 4517 |
| 650 #0 - SUBJECT ADDED ENTRY--TOPICAL TERM | |
| Topical term or geographic name as entry element | Microsoft .NET. |
| 9 (RLIN) | 4518 |
| 942 ## - ADDED ENTRY ELEMENTS (KOHA) | |
| Source of classification or shelving scheme | Dewey Decimal Classification |
| Item type | Book - Borrowing |
| Withdrawn status | Item status | Source of classification or shelving scheme | Damaged status | Not for loan | Vendor | Home library | Current library | Shelving location | Date acquired | Source of acquisition | Cost, normal purchase price | Serial Enumeration / chronology | Total Checkouts | Total Renewals | Full call number | Barcode | Date last seen | Date last borrowed | Koha item type |
|---|---|---|---|---|---|---|---|---|---|---|---|---|---|---|---|---|---|---|---|
| Dewey Decimal Classification | Alahram | Central Library | Central Library | Lower Floor | 30/04/2009 | 370.50 | 378 | 3 | 18 | 005.276 WAL | 000016328 | 15/07/2025 | 15/04/2013 | Book - Borrowing | |||||
| Dewey Decimal Classification | Alahram | Central Library | Central Library | Lower Floor | 30/04/2009 | 370.50 | 378 | 1 | 005.276 WAL | 000016329 | 24/08/2022 | 19/08/2009 | CD | DVD - With book |